Central Library OPAC University of Rajshahi

Progress in electrochemistry : (Record no. 10754)

MARC details
000 -LEADER
fixed length control field 01494cam a2200349 a 4500
001 - CONTROL NUMBER
control field 10754
003 - CONTROL NUMBER IDENTIFIER
rucl marc code BD-RjUL
005 - DATE AND TIME OF LATEST TRANSACTION
control field 20211208235017.0
008 - FIXED-LENGTH DATA ELEMENTS--GENERAL INFORMATION
fixed length control field 140125r19811981ne a b 101 0 eng
020 ## - INTERNATIONAL STANDARD BOOK NUMBER
International Standard Book Number 0444419551
035 ## - SYSTEM CONTROL NUMBER
System control number (BD-RjUL)10803
System control number (BD-RjUL)
040 ## - CATALOGING SOURCE
Original cataloging agency DLC
Language of cataloging eng
Transcribing agency DLC
Modifying agency (BD-RjUL)
-- LC
041 ## - LANGUAGE CODE
Language code of text/sound track or separate title eng
082 00 - DEWEY DECIMAL CLASSIFICATION NUMBER
Classification number 541.37
Edition number 19
Author mark and year PRO 1981
111 2# - MAIN ENTRY--MEETING NAME
Meeting name or jurisdiction name as entry element Australian Electrochemistry Conference
Date of meeting 1980 :
Location of meeting Perth, W.A.)
9 (RLIN) 89204
245 10 - TITLE STATEMENT
Title Progress in electrochemistry :
Remainder of title proceedings of the fifth Australian Electrochemistry Conference : Perth, Western Australia, 18-22 August, 1980 /
Statement of responsibility, etc. edited by D.A.J. Rand, G.P. Power, I.M. Ritchie.
260 ## - PUBLICATION, DISTRIBUTION, ETC. (IMPRINT)
Place of publication, distribution, etc. Amsterdam ;
-- New York :
Name of publisher, distributor, etc. Elsevier Scientific Pub. Co. ,
Date of publication, distribution, etc. 1981.
300 ## - PHYSICAL DESCRIPTION
Pagination x, 470 p. :
Illustrations ill. ;
Size 25cm.
500 ## - GENERAL NOTE
General note "Reprinted from Journal of electroanalytical chemistry and interfacial biochemistry, vol. 118, 1981."
General note Includes index.
504 ## - BIBLIOGRAPHY, ETC. NOTE
Bibliography, etc Includes bibliographical references and indexes.
650 #0 - SUBJECT ADDED ENTRY--TOPICAL TERM
Topical term or geographic name as entry element Electrochemistry
General subdivision Congresses.
9 (RLIN) 33260
700 1# - ADDED ENTRY--PERSONAL NAME
Personal name Rand, D. A. J.
Fuller form of name (David Anthony James),
Dates associated with a name 1942-
Personal name Ritchie, I. M.
Fuller form of name (Ian Mackay),
Dates associated with a name 1936-
Personal name Power, G. P.
Fuller form of name (Gregory Philip),
Dates associated with a name 1948-
942 ## - ADDED ENTRY ELEMENTS (KOHA)
Source of classification or shelving scheme Dewey Decimal Classification
Koha item type Books
Holdings
Lost status Source of classification or shelving scheme Damaged status Not for loan Collection code Permanent Location Current Location Shelving location Date acquired Source of acquisition Cost, normal purchase price Total Checkouts Full call number Date last seen Copy number Koha item type
  Dewey Decimal Classification     Non-fiction Central Library, University of Rajshahi Central Library, University of Rajshahi Reading Room 29/08/1984 A.B.A.cal 1000.00   541.37 PRO 1981 25/01/2014 C-1 Books